Don't multiply your problems (Record no. 85103)

MARC details
000 -LEADER
fixed length control field 00859cab a22002295a 4500
001 - CONTROL NUMBER
control field L159986
008 - FIXED-LENGTH DATA ELEMENTS--GENERAL INFORMATION
fixed length control field 150113e2016 xxk 000 0 eng d
035 ## - SYSTEM CONTROL NUMBER
System control number (Sirsi) u159986
041 0# - LANGUAGE CODE
Language code of text/sound track or separate title eng
050 ## - LIBRARY OF CONGRESS CALL NUMBER
Classification number 725.54 $2 18
100 1# - MAIN ENTRY--PERSONAL NAME
Personal name Streets, Ian
245 00 - TITLE STATEMENT
Title Don't multiply your problems
Medium [electronic resource]
260 ## - PUBLICATION, DISTRIBUTION, ETC.
Place of publication, distribution, etc. London
Name of publisher, distributor, etc. RICS
Date of publication, distribution, etc. 2016
490 ## - SERIES STATEMENT
Series statement RICS Building Surveying Journal
Volume/sequential designation October 2016 - November 2016, 19(1)
520 ## - SUMMARY, ETC.
Summary, etc. Counts the cost of defective design.
650 24 - SUBJECT ADDED ENTRY--TOPICAL TERM
Topical term or geographic name entry element INCLUSIVE DESIGN
650 24 - SUBJECT ADDED ENTRY--TOPICAL TERM
Topical term or geographic name entry element DISABLED PEOPLE
650 24 - SUBJECT ADDED ENTRY--TOPICAL TERM
Topical term or geographic name entry element MANAGEMENT-BUSINESS MANAGEMENT-DISCRIMINATION-DISABILITY DISCRIMINATION-ACCESSIBILITY
690 ## - LOCAL SUBJECT ADDED ENTRY--TOPICAL TERM (OCLC, RLIN)
Topical term or geographic name as entry element BUILT ENVIRONMENT-CONSTRUCTION DESIGN
856 40 - ELECTRONIC LOCATION AND ACCESS
Uniform Resource Identifier <a href="https://www.rics.org/Global/BSJ-BCJ%20Oct%20Nov%202016%20Interactive.pdf">https://www.rics.org/Global/BSJ-BCJ%20Oct%20Nov%202016%20Interactive.pdf</a>
Public note View the article free of charge at www.rics.org...
942 ## - ADDED ENTRY ELEMENTS (KOHA)
Suppress in OPAC 0
Holdings
Withdrawn status Lost status Source of classification or shelving scheme Damaged status Not for loan Home library Current library Shelving location Date acquired Total Checkouts Full call number Barcode Date last seen Copy number Price effective from Koha item type
    Dewey Decimal Classification     London London Journal article 16/04/2018   L159986 159986-1001 06/08/2019 1 06/08/2019 Journal article